00269nam a2200109Ia 4500008004100000020001800041082001400059100001000073245004100083260001800124500001700142260604s9999 xx 000 0 und d a9780857634771 a808.3 HAR aSHREE 0aThe Secret Rescuers The Storm Dragon bNosy Crow Ltd aStorm Dragon